000 00508nam a22001697a 4500
005 20251108164345.0
008 250721s1992 xx 000 0 ara d
082 1 4 _a811.008/شجر
100 1 _aإبن الشجري، أبو السعادات
245 1 0 _aمختارات من شعراء العرب /
264 1 _aبيروت :
_bدار الجيل،
_c1992.
300 _a606 ص
650 1 7 _aالشعر العربي
650 1 7 _aالمختارات الأدبية
942 _2ddc
_cREF
999 _c10182
_d10182